Χρηστικό λεξικό κοινωνιολογίας : ερμηνευτικό, ελληνο-αγγλικό όρων, αγγλο-ελληνικό όρων, βιογραφικό

Αποθηκεύτηκε σε:
Λεπτομέρειες βιβλιογραφικής εγγραφής
Κύριος συγγραφέας: Τσαούσης, Δημήτριος Γ., 1931-
Μορφή: Βιβλίο
Γλώσσα:Greek
Δημοσίευση: Αθήνα : Gutenberg, 1984-1989.
Έκδοση:3η ανατ.
Σειρά:Κοινωνιολογική και ανθρωπολογική βιβλιοθήκη ; 11
Θέματα:
Ετικέτες: Προσθήκη ετικέτας
Δεν υπάρχουν, Καταχωρήστε ετικέτα πρώτοι!

MARC

LEADER 00000cam a2200000 i 4500
001 1/86358
008 980409s19841989gr | ||| |||| | gre d
035 |a 1986  |c Αγορά  |l 10034951 
035 |l 10030905 
040 |a GR-MY-UA  |b gre  |e aacr 
041 0 |a gre 
082 7 |a 301.03   |2 (21) 
100 1 |a Τσαούσης, Δημήτριος Γ.,   |d 1931- 
245 1 0 |a Χρηστικό λεξικό κοινωνιολογίας :   |b ερμηνευτικό, ελληνο-αγγλικό όρων, αγγλο-ελληνικό όρων, βιογραφικό /   |c Δ.Γ. Τσαούση.  
250 |a 3η ανατ.  
260 |a Αθήνα :   |b Gutenberg,   |c 1984-1989.  
300 |a 390 σ. ;   |c 21 εκ.  
490 1 |a (Κοινωνιολογική βιβλιοθήκη ;   |v  11)  
500 |a Το παράρτημα Λέσβου διαθέτει και την 2η έκδοση 1987.  
650 0 0 |a Sociology  |x Dictionaries. 
650 0 0 |a Social sciences  |x Dictionaries  |x Greek. 
650 0 0 |a Greek language  |x Dictionaries  |x English. 
830 0 |a Κοινωνιολογική και ανθρωπολογική βιβλιοθήκη ;  |v  11 
852 |a INST  |b CHIOS  |e 19960305  |h 301.03 TΣA  |p 005200000745  |q 005200000745  |t REF  |y 23 
852 |a INST  |b CHIOS  |e 19980219  |h 301.03 TΣA  |p 005200009902  |q 005200009902  |t REF  |y 23 
852 |a INST  |b CHIOS  |e 19980219  |h 301.03 TΣA  |p 005200009903  |q 005200009903  |t REF  |y 23 
852 |a INST  |b CHIOS  |e 19980219  |h 301.03 TΣA  |p 005200009904  |q 005200009904  |t REF  |y 23 
852 |a INST  |b CHIOS  |e 19980219  |h 301.03 TΣA  |p 005200009905  |q 005200009905  |t REF  |y 23 
852 |a INST  |b CHIOS  |e 19980219  |h 301.03 TΣA  |p 005200009906  |q 005200009906  |t REF  |y 23 
852 |a INST  |b LESVOS  |e 19960730  |h 301.03 ΤΣΑ  |p 005100025662  |q 005100025662  |t REF  |y 23 
852 |a INST  |b LESVOS  |e 20140820  |h 301.03 ΤΣΑ  |p 005100054816  |q 005100054816  |t REF  |y 23 
852 |a INST  |b RHODES  |e 19980526  |h 301.03 ΤΣΑ  |p 005400006559  |q 005400006559  |t REF  |y 23 
852 |a INST  |b RHODES  |e 19980526  |h 301.03 ΤΣΑ  |p 005400006583  |q 005400006583  |t REF  |y 23 
852 |a INST  |b RHODES  |e 19960703  |h 301.03 ΤΣΑ  |p 005400009216  |q 005400009216  |t REF  |y 23 
852 |a INST  |b SAMOS  |e 19980409  |h 301.03 ΤΣΑ  |p 005300011826  |q 005300011826  |t REF  |y 23 
901 |a BIBL1-2014-2 
901 |a BIBL-1998-2 
901 |a BIBL-1998-1 
922 |a 4ΕΛΗ  |b 199711  |c ΒΙΤΣΙΛΑΚΗ  |d EMVASIS 
922 |a 4ΕΛΗ  |b 199711  |c ΚΠΣ/ΔΕ  |d EMVASIS 
922 |a 3ΕΛΗ  |b 199803  |c ΚΠΣ  |d EMVASIS